Spotrebná elektronika Cvičenia

Bibliographic Details
Main Author: Doboš, Ľubomír (Author)
Format: Book
Language:Slovak
PhysicalDescription:160 s., 11,661 AH Sch. 29 cm
Published: Košice Technická univerzita 1992
ISBN:8070991232
Edition:1. vyd.

MARC

LEADER 00000nam a2200000 a 4500
001 vtls001068663
003 SK-MaSNL
005 20260301182914.0
008 250414s1992 xo slo
015 |a SNBA1992/08 
020 |a 8070991232 
035 |a SNK000011493 
035 |a urn:nbn:sk:snk-amlkhc 
035 |a urn:nbn:sk:snk-am00bq8n 
035 |a EB451030-ED4E-44A8-8E72-48D5760AE891 
040 |a SNK  |b slo  |c SNK  |e AACR2 
041 0 |a slo 
044 |a xo  |c SK 
080 |a 621.38(075.8)(076.5)  |2 1981 
100 1 |a Doboš, Ľubomír  |4 aut  |9 9771 
245 1 0 |a Spotrebná elektronika  |b Cvičenia  |c Ľubomír Doboš 
250 |a 1. vyd. 
260 |a Košice  |b Technická univerzita  |c 1992  |e Košice  |f Edičné stredisko TU 
300 |a 160 s., 11,661 AH  |b Sch.  |c 29 cm 
366 |e 120 výt. 
500 |a Lit. 6. Schválil Dekanát EF TU v Košiciach ako skriptum. 6 zázn. v slov. a češ. 
852 |a Slovenská národná knižnica 
919 |a 80-7099-123-2 
958 0 7 |a RM 
958 0 7 |a NB 
958 0 7 |a UV 
999 |c 855205  |d 857135 
952 |t P60, <04>, [BOOK], {604}  |a SNK  |b SNK  |y VYP  |7 0  |p 17A0146748  |o snkSB 49723 D1  |0 0  |1 0  |4 0  |d 1998-07-03  |l 0  |r 2004-12-31 00:00:00  |w 2026-02-24 
952 |a SNK  |b SNK  |y PREZ  |7 0  |p 17A0804322  |o snkSB 49723  |0 0  |1 0  |4 0  |d 2012-07-17  |f 1  |l 0  |r 2025-03-05 00:00:00  |w 2026-02-24